00570nam a2200205 a 4500001001300000003000900013005001700022008004100039020002500080082001300105100002100118245007200139260003300211300000900244500003500253505001500288650001300303650002700316700002100343nice12345678IN_TiNIC20260116013151.0050524s1990 newa grp 000 0 eng  a088344X c955.500a266bARB aArbuckle, Gerald aEarthing the Gospelb an Inculturation Handbook for Pastoral Worker aNew YorkbOrbis Books c1990 a236p aincludes index and biblioraphy2 aReferences aMissions aTheology-Inculturation1 aArbuckle, Gerald